书目信息 |
| 题名: |
贫铀弹
|
|
| 作者: | 独狼 , 丘可 著 | |
| 分册: | 一块儿玩穷 | |
| 出版信息: | 北京 中国轻工业出版社 2005.01 |
|
| 页数: | 94页 | |
| 开本: | 20cm | |
| 丛书名: | ||
| 单 册: | ||
| 中图分类: | J228.2 | |
| 科图分类: | ||
| 主题词: | 漫画--man hua--中国--现代--作品集 | |
| 电子资源: | ||
| ISBN: | 7-5019-4635-3 | |
| 000 | 00784nam0 2200253 450 | |
| 001 | 012008809874 | |
| 005 | 20080314140910.59 | |
| 010 | @a7-5019-4635-3@dCNY12.00 | |
| 100 | @a20080314d2005 km y0chiy0120 ea | |
| 101 | 0 | @achi |
| 102 | @aCN@b110000 | |
| 105 | @aa t 000yy | |
| 106 | @ar | |
| 200 | 1 | @a贫铀弹@Apin you dan@i一块儿玩穷@f独狼, 丘可著@Fdu lang,qiu ke zhu |
| 210 | @a北京@c中国轻工业出版社@d2005.01 | |
| 215 | @a94页@c图@d20cm | |
| 330 | @a本书据说:同病相连容易产生手足之情,但在一样潦倒的邻里成堆之后…. | |
| 517 | 1 | @a一块儿玩穷@Ayi kuai er wan qiong |
| 606 | 0 | @a漫画@Aman hua@y中国@z现代@j作品集 |
| 690 | @aJ228.2@v4 | |
| 701 | 0 | @a独狼@Adu lang@4著 |
| 701 | 0 | @a丘可@Aqiu ke@4著 |
| 801 | 0 | @aCN@bQSSK@c20080314 |
| 905 | @b20283999-4001@dJ228.2@eD789@f3 | |
| 贫铀弹.一块儿玩穷/独狼, 丘可著.-北京:中国轻工业出版社,2005.01 |
| 94页:图;20cm |
| ISBN 7-5019-4635-3:CNY12.00 |
| 本书据说:同病相连容易产生手足之情,但在一样潦倒的邻里成堆之后…. |
| ● |
| 相关链接 |
|
|
|
正题名:贫铀弹
索取号:J228.2/D789
 
预约/预借
| 序号 | 登录号 | 条形码 | 馆藏地/架位号 | 状态 | 备注 |
| 1 | 283999 | 202839991 | 社科库309/309社科库 76排4列1层/ [索取号:J228.2/D789] | 在馆 | |
| 2 | 284000 | 202840006 | 社科库309/309社科库 76排4列1层/ [索取号:J228.2/D789] | 在馆 | |
| 3 | 284001 | 202840015 | 艺术设计学院资料室/ [索取号:J228.2/D789] | 在馆 |